Name Every Splatoon Stage - Statistics

General Stats
  • This quiz has been taken 13 times
  • The average score is 32 of 64
Answer Stats
Game Answer % Correct
Splatoon Urchin Underpass
86%
Splatoon 3 Urchin Underpass
86%
Splatoon 2 The Reef
71%
Splatoon Ancho-V Games
57%
Splatoon 2 Ancho-V Games
57%
Splatoon Camp Triggerfish
57%
Splatoon 2 Camp Triggerfish
57%
Splatoon 3 Crableg Capital
57%
Splatoon 3 Eeltail Alley
57%
Splatoon Flounder Heights
57%
Splatoon 3 Flounder Heights
57%
Splatoon 2 Goby Arena
57%
Splatoon 3 Hagglefish Market
57%
Splatoon 2 Inkblot Art Academy
57%
Splatoon 3 Inkblot Art Academy
57%
Splatoon Kelp Dome
57%
Splatoon 2 Kelp Dome
57%
Splatoon Mahi-Mahi Resort
57%
Splatoon 3 Mahi-Mahi Resort
57%
Splatoon 2 Manta Maria
57%
Splatoon 3 Manta Maria
57%
Splatoon 3 Marlin Airport
57%
Splatoon 3 Mincemeat Metalworks
57%
Splatoon Moray Towers
57%
Splatoon 2 Moray Towers
57%
Splatoon 3 Robo ROM-en
57%
Splatoon Saltspray Rig
57%
Splatoon 2 Skipper Pavilion
57%
Splatoon 3 Undertow Spillway
57%
Splatoon Arowana Mall
43%
Splatoon 2 Arowana Mall
43%
Splatoon 3 Barnacle & Dime
43%
Splatoon Blackbelly Skatepark
43%
Splatoon 2 Blackbelly Skatepark
43%
Splatoon Bluefin Depot
43%
Splatoon 3 Bluefin Depot
43%
Splatoon 3 Brinewater Springs
43%
Splatoon Hammerhead Bridge
43%
Splatoon 3 Hammerhead Bridge
43%
Splatoon 2 Humpback Pump Track
43%
Splatoon 3 Humpback Pump Track
43%
Splatoon 3 Lemuria Hub
43%
Splatoon 2 MakoMart
43%
Splatoon 3 MakoMart
43%
Splatoon Museum d'Alfonsino
43%
Splatoon 3 Museum d'Alfonsino
43%
Splatoon 2 Musselforge Fitness
43%
Splatoon 2 New Albacore Hotel
43%
Splatoon Port Mackerel
43%
Splatoon 2 Port Mackerel
43%
Splatoon 3 Scorch Gorge
43%
Splatoon 2 Shellendorf Institute
43%
Splatoon 3 Shipshape Cargo Co.
43%
Splatoon 2 Snapper Canal
43%
Splatoon 2 Starfish Mainstage
43%
Splatoon 2 Sturgeon Shipyard
43%
Splatoon 3 Sturgeon Shipyard
43%
Splatoon 3 Um'ami Ruins
43%
Splatoon 2 Wahoo World
43%
Splatoon 3 Wahoo World
43%
Splatoon Walleye Warehouse
43%
Splatoon 2 Walleye Warehouse
43%
Splatoon Piranha Pit
29%
Splatoon 2 Piranha Pit
29%
No matching quizzes found
Score Distribution
Percent of People with Each Score
Percentile by Number Answered
Your Score History
You have not taken this quiz